Sports Quiz

Random Sports or Baseball Quiz

MLB GMs Quiz Stats

 Plays Quiz Retired Jun 27, 2021

     
Support Sporcle.
Go Orange.
Score 0/30 Timer 07:00
0 Plays Today
Team GM % Correct
New York YankeesBrian Cashman
74.8%
Boston Red SoxBrian O'Halloran
70.8%
Oakland AthleticsDavid Forst
56.9%
New York MetsBrodie Van Wagenen
51.1%
Chicago White SoxRick Hahn
43.5%
San Francisco GiantsScott Harris
35.6%
Chicago CubsJed Hoyer
34.1%
Los Angeles Dodgersvacant
32.9%
Philadelphia PhilliesSam Fuld
30.2%
Detroit TigersAl Avila
30.2%
Cincinnati RedsNick Krall
30%
Minnesota TwinsThad Levine
26.4%
Atlanta BravesAlex Anthopoulos
25.7%
Cleveland IndiansMike Chernoff
25.5%
Arizona DiamondbacksMike Hazen
24.9%
Team GM % Correct
San Diego PadresA.J. Preller
24.3%
Milwaukee BrewersDavid Stearns
23.9%
Kansas City RoyalsDayton Moore
22.7%
Toronto Blue JaysRoss Atkins
22.3%
Texas RangersChris Young
21.3%
Miami MarlinsKim Ng
21.2%
Baltimore OriolesMike Elias
21%
Houston AstrosJames Click
21%
Washington NationalsMike Rizzo
19.3%
Tampa Bay RaysErik Neander
18.7%
Pittsburgh PiratesBen Cherington
18.4%
Colorado RockiesJeff Bridich
17.1%
Seattle MarinersJerry Dipoto
15.2%
Los Angeles AngelsPerry Minasian
15%
St. Louis CardinalsMike Girsch
13%

From the Vault

6-Letter TV Men

by timschurz

“You couldn’t handle my undivided attention.”
Remove Ads.
Support Sporcle.
Get the best of Sporcle when you Go Orange. This ad-free experience offers more features, more stats, and more fun while also helping to support Sporcle. Thank you for becoming a member.

Show Comments

Extras

Top Quizzes Today


Score Distribution

Your Account Isn't Verified!

In order to create a playlist on Sporcle, you need to verify the email address you used during registration. Go to your Sporcle Settings to finish the process.

Report this User

Report this user for behavior that violates our Community Guidelines.

Details: